000 00252nam a2200097Ia 4500
008 170619s9999 xx 000 0 und d
100 _aSingh- S
245 0 _aTheory & Solved Problems in Advanced Strength of Materials
260 _bKhanna Pub.
260 _c2012
546 _aENGLISH
999 _c21538
_d21538